Požadavky na banky

Od 1.1. 1999 sa prestane na devízových trhoch obchodovať s národnými menami krajín EMU. Eurolibor ako jediný index pre celú zónu eura. Novinky zahraničného platobného styku. Konverzia pomocou koeficientov. Nové požiadavky zo strany ČNB.

Saved in:
Bibliographic Details
Main Author: Šilha, Roman
Format: Book Chapter
Language:Czech
Subjects:
Tags: Add Tag
No Tags, Be the first to tag this record!

MARC

LEADER 00000naa a2200000 4500
001 r033795
005 20230920095210.2
041 0 |a cze 
044 |a CZ 
245 1 0 |a Požadavky na banky  |c Roman Šilha 
520 |a Od 1.1. 1999 sa prestane na devízových trhoch obchodovať s národnými menami krajín EMU. Eurolibor ako jediný index pre celú zónu eura. Novinky zahraničného platobného styku. Konverzia pomocou koeficientov. Nové požiadavky zo strany ČNB. 
610 2 0 |a euro 
610 2 0 |a únie menové 
610 2 0 |a banky 
610 2 0 |a euromena 
610 2 0 |a konvertibilita 
610 2 0 |a index kurzový 
610 2 0 |a účty bankové 
610 2 0 |a Česko 
610 2 0 |a trh devízový 
100 1 |a Šilha, Roman